Peking blues /

Wedi'i Gadw mewn:
Manylion Llyfryddiaeth
Prif Awdur: San, Liao.
Fformat: Sách giấy
Iaith:English
Cyhoeddwyd: Hong Kong : Dragonfly Press, 1959.
Tagiau: Ychwanegu Tag
Dim Tagiau, Byddwch y cyntaf i dagio'r cofnod hwn!
Thư viện lưu trữ: Thư viện Trường Đại học Đà Lạt
LEADER 00581nam a2200265 4500
001 DLU100113671
005 ##20101130
040 # # |a DLU  |b vie 
041 # # |a eng 
044 # # |a us 
082 # # |a 306.095 1  |b LI-S 
100 # # |a San, Liao. 
245 # # |a Peking blues /  |c Liao San. 
260 # # |a Hong Kong :  |b Dragonfly Press,  |c 1959. 
300 # # |a 253 p. ;  |c 19 cm. 
923 # # |a 100/2010 
992 # # |a 0 
994 # # |a DLU 
900 # # |a True 
911 # # |a Lý Thị Hồng Hạnh 
925 # # |a G 
926 # # |a A 
927 # # |a SH 
980 # # |a Thư viện Trường Đại học Đà Lạt